000 01581nam a2200385Ia 4500
001 ebr10484263
003 CaPaEBR
006 m u
007 cr cn|||||||||
008 101118s2011 ja a sb 001 0 eng d
010 _z 2010047990
020 _z9789280811933
020 _z9280811932
040 _aCaPaEBR
_cCaPaEBR
035 _a(OCoLC)747412395
050 1 4 _aJZ5333
_b.C76 2011eb
082 0 4 _a327.8
_222
245 0 0 _aCross-border governance in Asia
_h[electronic resource] :
_bregional issues and mechanisms /
_cedited by G. Shabbir Cheema, Christopher A. McNally, and Vesselin Popovski.
260 _aTokyo ;
_aNew York :
_bUnited Nations University Press,
_cc2011.
300 _axvii, 322 p. :
_bill.
490 1 _aTrends and innovations in governance series
504 _aIncludes bibliographical references and index.
533 _aElectronic reproduction.
_bPalo Alto, Calif. :
_cebrary,
_d2013.
_nAvailable via World Wide Web.
_nAccess may be limited to ebrary affiliated libraries.
650 0 _aAsian cooperation.
650 0 _aRegionalism
_zAsia.
650 0 _aRegionalism (International organization)
651 0 _aAsia
_xPolitics and government
_y21st century.
655 7 _aElectronic books.
_2local
700 1 _aCheema, G. Shabbir.
700 1 _aMcNally, Christopher A.
700 1 _aPopovski, Vesselin.
710 2 _aebrary, Inc.
830 0 _aTrends and innovations in governance series.
856 4 0 _uhttp://site.ebrary.com/lib/rucke/Doc?id=10484263
_zAn electronic book accessible through the World Wide Web; click to view
999 _c120668
_d120668